书目信息 |
| 题名: |
世界是部金融史
|
|
| 作者: | 陈雨露, , 杨栋 著 | |
| 分册: | ||
| 出版信息: | 南昌 江西教育出版社 2016.04 |
|
| 页数: | 292页 | |
| 开本: | 24cm | |
| 丛书名: | ||
| 单 册: | ||
| 中图分类: | F831.9 | |
| 科图分类: | ||
| 主题词: | 金融--jin rong--经济史--世界 | |
| 电子资源: | ||
| ISBN: | 978-7-5392-8491-0 | |
| 000 | 01196nam0 2200265 450 | |
| 001 | 2060998453 | |
| 005 | 20201106165651.89 | |
| 010 | @a978-7-5392-8491-0@dCNY48.00 | |
| 100 | @a20160808d2016 em y0chiy50 ea | |
| 101 | 0 | @achi |
| 102 | @aCN@b360000 | |
| 105 | @aa z 000yy | |
| 200 | 1 | @a世界是部金融史@Ashi jie shi bu jin rong shi@f陈雨露, 杨栋著 |
| 210 | @a南昌@c江西教育出版社@d2016.04 | |
| 215 | @a292页@c图@d24cm | |
| 312 | @a英文题名取自封面 | |
| 314 | @a陈雨露, 金融学教授。美国艾森豪威尔基金高级学者、哥伦比亚大学富布莱特高级访问学者。入选人事部“新世纪百千万人才工程”人选, 获首届教育部全国高校青年教师奖和全国博士学位论文指导教师奖。杨栋, 中国人民大学管理学博士后、金融学博士, 国家自然科学基金获得者。 | |
| 330 | @a本书以时间为纲, 以国家、人物、事件为目, 围绕金融这个核心, 采用诙谐生动的语言, 追溯金融的进程, 解读金融的力量, 破解金融的密码, 回答金融的走向, 对全世界范围内的金融历史知识进行解读。 | |
| 510 | 1 | @aEvery true history is financial history@zeng |
| 606 | 0 | @a金融@Ajin rong@x经济史@y世界 |
| 690 | @aF831.9@v5 | |
| 701 | 0 | @a陈雨露,@Achen yu lu@f1966.11-@4著 |
| 701 | 0 | @a杨栋@Ayang dong@4著 |
| 801 | 0 | @aCN@b人天书店@c20201003 |
| 905 | @aZUCC@dF831.9@eC633 | |
| 世界是部金融史/陈雨露, 杨栋著.-南昌:江西教育出版社,2016.04 |
| 292页:图;24cm |
| ISBN 978-7-5392-8491-0:CNY48.00 |
| 本书以时间为纲, 以国家、人物、事件为目, 围绕金融这个核心, 采用诙谐生动的语言, 追溯金融的进程, 解读金融的力量, 破解金融的密码, 回答金融的走向, 对全世界范围内的金融历史知识进行解读。 |
| ● |
| 相关链接 |
|
|
|
正题名:世界是部金融史
索取号:F831.9/C633
 
预约/预借
| 序号 | 登录号 | 条形码 | 馆藏地/架位号 | 状态 | 备注 |
| 1 | 1483100 | 214831002 | 社科库409/400A自科库 8排1列6层/ [索取号:F831.9/C633] | 在馆 | |
| 2 | 1483101 | 214831011 | 社科二线422/409社科库 54排1列3层/ [索取号:F831.9/C633] | 在馆 | |
| 3 | 1483117 | 214831173 | 社科库409/409社科库 54排1列3层/ [索取号:F831.9/C633] | 在馆 |